Introduction to positive economics (Record no. 5640)

000 -LEADER
fixed length control field 00453nam a22001817a 4500
001 - CONTROL NUMBER
control field 5640
003 - CONTROL NUMBER IDENTIFIER
control field BD-DhUET
008 - FIXED-LENGTH DATA ELEMENTS--GENERAL INFORMATION
fixed length control field 141127b xxu||||| |||| 00| 0 eng d
040 ## - CATALOGING SOURCE
Transcribing agency 0
Modifying agency BD-DhUET
082 ## - DEWEY DECIMAL CLASSIFICATION NUMBER
Classification number 330
Item number LIP/1971
100 ## - MAIN ENTRY--PERSONAL NAME
Personal name Lipsey, Richard G.
245 ## - TITLE STATEMENT
Title Introduction to positive economics
250 ## - EDITION STATEMENT
Edition statement 3rd ed.
260 ## - PUBLICATION, DISTRIBUTION, ETC. (IMPRINT)
Name of publisher, distributor, etc. English Language Book
Place of publication, distribution, etc. Hampshire
Date of publication, distribution, etc. 1971
300 ## - PHYSICAL DESCRIPTION
Extent xx, 740 p.
Other physical details ill.
Dimensions 26 cm.
650 #0 - SUBJECT ADDED ENTRY--TOPICAL TERM
Topical term or geographic name as entry element Economics
942 ## - ADDED ENTRY ELEMENTS (KOHA)
Koha item type General Book
Holdings
Damaged status Koha date last seen Not for loan Lost status Koha item type Shelving location Date acquired Withdrawn status Price effective from Sublocation or collection (holding branch) Copy number Koha full call number Koha collection Koha normalized classification for sorting Source of classification or shelving scheme Location (home branch) Piece designation (barcode)
 2014-11-27  General BookCirculation section2014-11-27 2014-11-27Central Library, BUET1330/LIP/1971 330LIP1971 Central Library, BUET23693
 2014-11-27  General BookCirculation section2014-11-27 2014-11-27Central Library, BUET2330/LIP/1971 330LIP1971 Central Library, BUET23702
 2015-01-27  General BookCirculation section2015-01-27 2015-01-27Central Library, BUET3330/LIP/1971 330_000000000000000_LIP_1971 Central Library, BUET23689
 2015-01-27  General BookCirculation section2015-01-27 2015-01-27Central Library, BUET4330/LIP/1971 330_000000000000000_LIP_1971 Central Library, BUET23684
 2015-01-27  General BookCirculation section2015-01-27 2015-01-27Central Library, BUET5330/LIP/1971 330_000000000000000_LIP_1971 Central Library, BUET23710
 2015-01-27  General BookCirculation section2015-01-27 2015-01-27Central Library, BUET6330/LIP/1971 330_000000000000000_LIP_1971 Central Library, BUET23713
 2015-01-27  General BookCataloging section2015-01-27 2015-01-27Central Library, BUET7330/LIP/1971 330_000000000000000_LIP_1971 Central Library, BUET23690
 2015-01-27  General BookCirculation section2015-01-27 2015-01-27Central Library, BUET8330/LIP/1971 330_000000000000000_LIP_1971 Central Library, BUET23698
 2015-01-27  General BookCirculation section2015-01-27 2015-01-27Central Library, BUET9330/LIP/1971 330_000000000000000_LIP_1971 Central Library, BUET23685
 2015-01-27  General BookCirculation section2015-01-27 2015-01-27Central Library, BUET10330/LIP/1971 330_000000000000000_LIP_1971 Central Library, BUET23712
 2015-01-28  General BookCirculation section2015-01-28 2015-01-28Central Library, BUET4330/LIP/1971Non Fiction330_000000000000000_LIP_1971 Central Library, BUET23677
 2015-01-28  General BookCirculation section2015-01-28 2015-01-28Central Library, BUET30330/LIP/1971Non Fiction330_000000000000000_LIP_1971 Central Library, BUET23706
 2015-01-28  General BookCirculation section2015-01-28 2015-01-28Central Library, BUET29330/LIP/1971Non Fiction330_000000000000000_LIP_1971 Central Library, BUET23705
 2015-01-28  General BookCirculation section2015-01-28 2015-01-28Central Library, BUET16330/LIP/1971Non Fiction330_000000000000000_LIP_1971 Central Library, BUET23680
 2015-04-20  General BookCirculation section2015-04-20 2015-04-20Central Library, BUET15330/LIP/1971 330_000000000000000_LIP_1971 Central Library, BUET23691